ARRUPE JESUIT UNIVERSITY

CORONAVIRUS -STOP THE SPREAD - CLEAN,DISINFECT,COVER

Mocambique e os naturais da India Portuguesa (Record no. 119168)

MARC details
000 -LEADER
fixed length control field 00474nam a22001337a 4500
008 - FIXED-LENGTH DATA ELEMENTS--GENERAL INFORMATION
fixed length control field 131210b xxu||||| |||| 00| 0 eng d
050 ## - LIBRARY OF CONGRESS CALL NUMBER
Classification number SPC DT3326.R598 1985
100 ## - MAIN ENTRY--PERSONAL NAME
Personal name Rita-Ferreira, A
9 (RLIN) 5416
245 ## - TITLE STATEMENT
Title Mocambique e os naturais da India Portuguesa
Statement of responsibility, etc A. Rita-Ferreira
260 ## - PUBLICATION, DISTRIBUTION, ETC. (IMPRINT)
Place of publication, distribution, etc Lisbon
Name of publisher, distributor, etc Instituto de Insestigacas Cientifica Tropical
Date of publication, distribution, etc 1985
300 ## - PHYSICAL DESCRIPTION
Extent 648p. ;
Dimensions 29cm.
650 ## - SUBJECT ADDED ENTRY--TOPICAL TERM
Topical term or geographic name as entry element Goans in Mozambique
General subdivision Mozambique
-- Race relations
9 (RLIN) 5417
942 ## - ADDED ENTRY ELEMENTS (KOHA)
Source of classification or shelving scheme Library of Congress Classification
Item type Monograph ( Printed materials)

No items available.

 

Arrupe Library. PO Box MP320 Mt Pleasant, Harare, Zimbabwe
263 242 745411|librarian@aju.ac.zw